| 000 | 01065nab a22002657a 4500 | ||
|---|---|---|---|
| 999 |
_c6432 _d6432 |
||
| 003 | OSt | ||
| 005 | 20260203091500.0 | ||
| 008 | 190429b xxu||||| |||| 00| 0 spa d | ||
| 040 | _cPJ | ||
| 100 |
_94041 _aAnitua, Gabriel Ignacio |
||
| 245 | 1 | 0 |
_aTensiones en el derecho y la política penal en los 40 años de democracia argentina / _cGabriel I. Anitua. |
| 260 |
_cCiudad Autónoma de Buenos Aires : _aThomson Reuters La Ley, _b2023. |
||
| 300 | _ap. 5-10 | ||
| 500 | _aCita Online: AR/DOC/2631/2023. | ||
| 505 | _tSi te interesa el texto completo, solicitalo a koha@justierradelfuego.gov.ar | ||
| 650 | 0 |
_9343 _aDERECHO PENAL |
|
| 650 | 0 |
_9356 _aDEMOCRACIA |
|
| 650 | 0 |
_9766 _aCONSTITUCION NACIONAL |
|
| 650 | 0 |
_9452 _aPARTIDOS POLITICOS |
|
| 650 | 0 |
_9179 _aGARANTIAS CONSTITUCIONALES › |
|
| 650 | 0 |
_aDEFENSA EN JUICIO _9586 |
|
| 650 | 0 |
_aVÍCTIMA DEL DELITO _93047 |
|
| 773 | 0 |
_02658 _93164 _tRevista de derecho penal y criminología. Nº 11 - Diciembre 2023 _dCiudad Autónoma de Buenos Aires : Thomson Reuters La Ley, 2017- _x00347914 |
|
| 942 |
_2udc _cANA |
||